000 00301nam a22001337a 4500
008 170426b xxu||||| |||| 00| 0 eng d
020 _a9780071461979
041 _aeng
080 _227TH
_a577
100 _a12
101 _aSHM
245 _aILLUSTRATED BIOCHEMISTRY
_cMURRAY, R.K
942 _2udc
_cBK
999 _c12050
_d12050